|
|
|
|
| LEADER |
00000nam0a2200000 4500 |
| 001 |
276481 |
| 005 |
20231101234926.0 |
| 035 |
|
|
|a (RuTPU)RU\TPU\book\299753
|
| 090 |
|
|
|a 276481
|
| 100 |
|
|
|a 20141124d1984 m y0rusy5003 ca
|
| 101 |
0 |
|
|a rus
|
| 102 |
|
|
|a RU
|
| 105 |
|
|
|a a j 000zy
|
| 200 |
1 |
|
|a Термохимия и термодинамика силикатов и тугоплавких соединений
|e учебное пособие для вузов
|f Ю. К. Щипалов
|g Ивановский химико-технологический институт
|
| 210 |
|
|
|a Иваново
|c Изд-во ИХТИ
|d 1984
|
| 215 |
|
|
|a 100 с.
|c ил.
|
| 606 |
1 |
|
|a Силикаты
|x Термодинамика
|2 stltpush
|3 (RuTPU)RU\TPU\subj\34481
|9 56416
|
| 610 |
1 |
|
|a термохимия
|
| 610 |
1 |
|
|a термодинамика
|
| 610 |
1 |
|
|a тугоплавкие соединения
|
| 610 |
1 |
|
|a химическая терминология
|
| 610 |
1 |
|
|a анализ
|
| 610 |
1 |
|
|a методы
|
| 610 |
1 |
|
|a учебные пособия
|
| 675 |
|
|
|a 666(075.8)
|z rus
|v 4
|
| 700 |
|
1 |
|a Щипалов
|b Ю. К.
|g Юрий Константинович
|4 070
|
| 712 |
0 |
2 |
|a Ивановский химико-технологический институт
|2 stltpush
|3 (RuTPU)RU\TPU\col\7666
|9 24360
|
| 801 |
|
0 |
|a RU
|b RuMRKP
|c 19950704
|g psbo
|
| 801 |
|
1 |
|a RU
|b 63413507
|c 20141124
|
| 801 |
|
2 |
|a RU
|b 63413507
|c 20170404
|g RCR
|
| 942 |
|
|
|c BK
|